Geologic effects of the high-explosive tests in the USGS tunnel area, Nevada test site /

Bibliographic Details
Main Authors: Cattermole, J. Mark (John Mark), 1908-, Hansen, Wallace R., 1920- (Author)
Corporate Author: U.S. Atomic Energy Commission
Format: Government Document Book
Language:English
Published: Washington : U.S. Govt. Print. Off, 1962.
Series:Geologic investigations related to nuclear explosions.
Geological Survey professional paper ; 382-B.
Subjects:

MARC

Tag First Indicator Second Indicator Subfields
LEADER 00000cam a2200000 4500
001 in00002784894
005 20151202171857.0
008 700414s1962 dcuab b 001 0 eng
010 |a  76605563  
035 |a (OCoLC)ocm00067030 
035 |a (OCoLC)67030 
040 |a DLC  |c DLC  |d IAS  |d OCLCQ  |d BTCTA  |d OCLCG  |d UtOrBLW 
043 |a n-us-nv 
049 |a TXAM 
050 0 0 |a QE75  |b .P9 no. 382-B 
082 0 0 |a 550/.8 s 
086 0 |a I 19.16:382-B 
100 1 |a Cattermole, J. Mark  |q (John Mark),  |d 1908- 
245 1 0 |a Geologic effects of the high-explosive tests in the USGS tunnel area, Nevada test site /  |c by J.M. Cattermole and W.R. Hansen. 
264 1 |a Washington :  |b U.S. Govt. Print. Off,  |c 1962. 
300 |a iii, 31 pages :  |b illustrations, maps. ;  |c 29 cm. 
336 |a text  |b txt  |2 rdacontent 
337 |a unmediated  |b n  |2 rdamedia 
338 |a volume  |b nc  |2 rdacarrier 
490 1 |a Geologic investigations related to nuclear explosions 
490 1 |a Geological Survey professional paper 382-B 
500 |a "Prepared on behalf of the U.S. Atomic Energy Commission." 
500 |a Part of illustrative matter fold. in pocket. 
504 |a Bibliography: page 29. 
650 0 |a Geology  |z Nevada  |z Nevada Test Site. 
650 0 |a Underground nuclear explosions  |z Nevada  |z Nevada Test Site. 
700 1 |a Hansen, Wallace R.,  |d 1920-  |e author. 
710 2 |a U.S. Atomic Energy Commission. 
830 0 |a Geologic investigations related to nuclear explosions. 
830 0 |a Geological Survey professional paper ;  |v 382-B. 
948 |a cataloged  |b h  |c 2012/12/14  |d c  |e mvaldespin  |f 01:22:49 pm 
994 |a C0  |b TXA 
999 |a MARS 
999 f f |s d0edd8d7-cbc2-36e0-921d-91345e6a9361  |i 9dfb720f-fdf3-33b1-8a38-b2f0efbad6b0  |t 0 
952 f f |p normal  |a Texas A&M University  |b College Station  |c Sterling C. Evans Library  |d Evans: US Documents (Annex 5th floor)  |t 0  |e I 19.16:382-A-385  |h Superintendent of Documents classification  |i unmediated -- volume  |m A14837789682 
952 f f |a Texas A&M University  |b College Station  |c Sterling C. Evans Library  |d Evans: US Documents (Annex 5th floor)  |t 0  |e I 19.16:382-A-385  |h Superintendent of Documents classification 
998 f f |a I 19.16:382-A-385  |t 0  |l Evans: US Documents (Annex 5th floor)